000 00735nam a2200205 4500
001 127873
003 ES-MaACL
005 20230906193116.0
007 t|
008 070214s1984 sp r ||||1| spa d
100 0 _aRivera Blanco, José Javier,
_d1954-
_997637
245 1 0 _aJuan Bautista de Toledo y Felipe II
_b: la implantación del clasicismo en España /
_cJosé Javier Rivera Blanco.
260 _aValladolid :
_bUniversidad, Secretariado de Publicaciones,
_c1984.
300 _a499 p. :
_bil. ;
_c24 cm.
490 1 _aArte y Arqueología ;
_v3
710 2 _aUniversidad de Valladolid.
_97332
830 0 _aArte y Arqueología ;
_v3
_9189171
852 _aES-MaACL
_jL-6723
_bR.108836
999 _c127873
_d127873